Mrinal Sen : (Record no. 130233)

MARC details
000 -LEADER
fixed length control field 00674nam a22002177a 4500
005 - DATE AND TIME OF LATEST TRANSACTION
control field 20170124110109.0
010 ## - LIBRARY OF CONGRESS CONTROL NUMBER
LC control number B-079289
020 ## - INTERNATIONAL STANDARD BOOK NUMBER
Terms of availability 195.00
International Standard Book Number 9788129101983
035 ## - SYSTEM CONTROL NUMBER
System control number B-079289
037 ## - SOURCE OF ACQUISITION
Source of stock number/acquisition Cen Lib/Ret
040 ## - CATALOGING SOURCE
Original cataloging agency DPL
Language of cataloging EN
082 ## - DEWEY DECIMAL CLASSIFICATION NUMBER
Classification number 921
Item number CHA
100 ## - MAIN ENTRY--PERSONAL NAME
Personal name Chatterji, Shoma A.
9 (RLIN) 28659
245 ## - TITLE STATEMENT
Title Mrinal Sen :
Statement of responsibility, etc by Shoma A.Chatterji
Remainder of title the survivor. /
260 ## - PUBLICATION, DISTRIBUTION, ETC. (IMPRINT)
Place of publication, distribution, etc New Delhi
Name of publisher, distributor, etc Rupa & Co.
Date of publication, distribution, etc 2003
270 ## - ADDRESS
Address 7/16, Ansari Road Darya Ganj
City New Delhi
Postal code 110002
300 ## - PHYSICAL DESCRIPTION
Extent 70p. :
Dimensions 18cm(Hb)
Other physical details ill.
650 ## - SUBJECT ADDED ENTRY--TOPICAL TERM
Topical term or geographic name as entry element Motion pictures
Geographic subdivision India
9 (RLIN) 28660
650 ## - SUBJECT ADDED ENTRY--TOPICAL TERM
Topical term or geographic name as entry element Motion picture producers and directors
9 (RLIN) 24829
942 ## - ADDED ENTRY ELEMENTS (KOHA)
Source of classification or shelving scheme Dewey Decimal Classification
Koha item type English Books
Classification part 921
Call number suffix CHA
Holdings
Withdrawn status Lost status Damaged status Not for loan Home library Current library Date acquired Source of acquisition Cost, normal purchase price Total Checkouts Full call number Barcode Date last seen Copy number Cost, replacement price Price effective from Koha item type
        Central Library Central Library 08/07/2015 Cen Lib/Ret 195.00   921 CHA B-079289 08/07/2015 1 195.00 08/07/2015 English Books

© Delhi Public Library
Hit Counter
free hit counter